00996nam a2200265 4500003000900000020001800009040002800027082001700055100003100072245005200103260008200155300001600237490002800253500002100281650004400302650003900346650002200385650003400407700004400441700003900485700003600524942001200560999001700572952014100589CO-ViMGA a9789589076446 aCO-ViMGAbspacCO-ViMGA04a615.9 bP26t1 aPeña, Lina María9492310aToxicología Clínica /cLina María Peña  aMedellín :bPanamareicana formas e impresos S.A.. Fondo editorial CIBc2010 a636 p.bil. aFundamentos de medicina aIncluye índice14aIntoxicaciónvAlcohol etílico9492714aIntoxicaciónvMedicamentos9492614aPlaguicidas9492514aToxicología Clínica949241 aAristizábal H., José Julián949291 aArroyave H., Claudia Lucía949281 aGómez C., Ubier Eduardo94930 cBK2ddc c35863d35863 001040708002aMEVIECARbMEVIECARd2016-09-01g168750.00l1o615.9 P26tp31013r2019-04-16 00:00:00s2017-10-09tEj. 1w2016-09-01yBK